| 000 | 01865nam a22002777a 4500 | ||
|---|---|---|---|
| 999 |
_c58638 _d58638 |
||
| 003 | Ge_BSU | ||
| 005 | 20220719130559.0 | ||
| 008 | 220621s2020 ge ||||| |||| 00| 0 geo d | ||
| 020 | _a9789941322525 | ||
| 041 | _ageo | ||
| 080 | _a331.101.262.1+055 ა-59 | ||
| 100 |
_aარმსტრონგი, მაიკლ _914166 |
||
| 245 |
_aადამიანური რესურსების მართვის სახელმძღვანელო / _cმაიკლ არმსტრონგი, სტივენ ტეილორთან ერთად ; მთარგმნელები: ზურაბ აბაშიძე; ლელა აბდუშელიშვილი ; სარედაქციო ჯგუფი: თეა ბარამაშვილი, ნათია მაჭავარიანი, მზია ბარბაქაძე [და სხვა]. |
||
| 250 | _a[მე-14 გამოცემა] | ||
| 264 |
_aთბილისი : _bპალიტრა L, _c2020. |
||
| 300 |
_a876 გვ. : _bილ. ; _c25 სმ. |
||
| 490 | _aლურჯი ოკეანე | ||
| 500 | _aგარეკანი ქართულ და ინგლისურ ენებზე. | ||
| 501 | _aავტორთა საზიებელი გვ. 858-861 თემატური საძიებელი 862-875 | ||
| 653 | _aადამიანური რესურსების მართვა | ||
| 653 | _aეკონომიკა | ||
| 700 |
_aტეილორი, სტივენ _eავტორი _914167 |
||
| 700 |
_aაბაშიძე, ზურაბ _eმთარგმნელი _91322 |
||
| 700 |
_aბარამაშვილი, თეა და სხვ. _eრედაქტორი _914169 |
||
| 942 |
_2udc _cBK |
||